<?xml version="1.0" encoding="UTF-8"?>
<record
    xmlns:xsi="http://www.w3.org/2001/XMLSchema-instance"
    xsi:schemaLocation="http://www.loc.gov/MARC21/slim http://www.loc.gov/standards/marcxml/schema/MARC21slim.xsd"
    xmlns="http://www.loc.gov/MARC21/slim">

  <leader>00467nam a2200181Ia 4500</leader>
  <controlfield tag="008">230125s9999    xx            000 0 und d</controlfield>
  <datafield tag="020" ind1=" " ind2=" ">
    <subfield code="a">97899351502791</subfield>
  </datafield>
  <datafield tag="041" ind1=" " ind2=" ">
    <subfield code="a">eng</subfield>
  </datafield>
  <datafield tag="082" ind1=" " ind2=" ">
    <subfield code="a">158.1</subfield>
    <subfield code="b">JOS</subfield>
  </datafield>
  <datafield tag="100" ind1=" " ind2=" ">
    <subfield code="a">Joshi G</subfield>
    <subfield code="9">106390</subfield>
  </datafield>
  <datafield tag="245" ind1=" " ind2=" ">
    <subfield code="a">Campus to Corporate</subfield>
    <subfield code="b">Your Roadmap to Employability</subfield>
  </datafield>
  <datafield tag="250" ind1=" " ind2=" ">
    <subfield code="a">1st Ed.</subfield>
  </datafield>
  <datafield tag="260" ind1=" " ind2=" ">
    <subfield code="c">2015</subfield>
    <subfield code="b">Sage publication</subfield>
    <subfield code="a">New Delhi</subfield>
  </datafield>
  <datafield tag="300" ind1=" " ind2=" ">
    <subfield code="a">220p</subfield>
  </datafield>
  <datafield tag="700" ind1=" " ind2=" ">
    <subfield code="a">Joshi G</subfield>
    <subfield code="9">106390</subfield>
  </datafield>
  <datafield tag="906" ind1=" " ind2=" ">
    <subfield code="b">72.8</subfield>
  </datafield>
  <datafield tag="999" ind1=" " ind2=" ">
    <subfield code="c">96094</subfield>
    <subfield code="d">96094</subfield>
  </datafield>
  <datafield tag="952" ind1=" " ind2=" ">
    <subfield code="0">0</subfield>
    <subfield code="1">0</subfield>
    <subfield code="4">0</subfield>
    <subfield code="7">0</subfield>
    <subfield code="a">HIMR</subfield>
    <subfield code="b">HIMR</subfield>
    <subfield code="d">2019-12-13</subfield>
    <subfield code="e">Forward Books</subfield>
    <subfield code="g">260.00</subfield>
    <subfield code="i">11147</subfield>
    <subfield code="l">0</subfield>
    <subfield code="o">158.1 JOS B18984</subfield>
    <subfield code="p">HIMR-BK-18984</subfield>
    <subfield code="r">2023-03-20 00:00:00</subfield>
    <subfield code="v">187.20</subfield>
    <subfield code="w">2019-12-10</subfield>
    <subfield code="y">BK</subfield>
    <subfield code="z">B18984</subfield>
  </datafield>
  <datafield tag="952" ind1=" " ind2=" ">
    <subfield code="0">0</subfield>
    <subfield code="1">0</subfield>
    <subfield code="4">0</subfield>
    <subfield code="7">0</subfield>
    <subfield code="a">HIMR</subfield>
    <subfield code="b">HIMR</subfield>
    <subfield code="d">2019-12-13</subfield>
    <subfield code="e">Forward Books</subfield>
    <subfield code="g">260.00</subfield>
    <subfield code="i">11147</subfield>
    <subfield code="l">0</subfield>
    <subfield code="o">158.1 JOS B18985</subfield>
    <subfield code="p">HIMR-BK-18985</subfield>
    <subfield code="r">2023-01-25 00:00:00</subfield>
    <subfield code="v">187.20</subfield>
    <subfield code="w">2019-12-10</subfield>
    <subfield code="y">BK</subfield>
    <subfield code="z">B18985</subfield>
  </datafield>
  <datafield tag="952" ind1=" " ind2=" ">
    <subfield code="0">0</subfield>
    <subfield code="1">0</subfield>
    <subfield code="4">0</subfield>
    <subfield code="7">0</subfield>
    <subfield code="a">HIMR</subfield>
    <subfield code="b">HIMR</subfield>
    <subfield code="d">2019-12-13</subfield>
    <subfield code="e">Forward Books</subfield>
    <subfield code="g">260.00</subfield>
    <subfield code="i">11147</subfield>
    <subfield code="l">2</subfield>
    <subfield code="o">158.1 JOS B18986</subfield>
    <subfield code="p">HIMR-BK-18986</subfield>
    <subfield code="r">2025-01-16 00:00:00</subfield>
    <subfield code="s">2024-09-27</subfield>
    <subfield code="v">187.20</subfield>
    <subfield code="w">2019-12-10</subfield>
    <subfield code="y">BK</subfield>
    <subfield code="z">B18986</subfield>
  </datafield>
  <datafield tag="952" ind1=" " ind2=" ">
    <subfield code="0">0</subfield>
    <subfield code="1">0</subfield>
    <subfield code="4">0</subfield>
    <subfield code="7">0</subfield>
    <subfield code="a">HIMR</subfield>
    <subfield code="b">HIMR</subfield>
    <subfield code="d">2019-12-13</subfield>
    <subfield code="e">Forward Books</subfield>
    <subfield code="g">260.00</subfield>
    <subfield code="i">11147</subfield>
    <subfield code="l">0</subfield>
    <subfield code="o">158.1 JOS B18987</subfield>
    <subfield code="p">HIMR-BK-18987</subfield>
    <subfield code="r">2023-03-15 00:00:00</subfield>
    <subfield code="v">187.20</subfield>
    <subfield code="w">2019-12-10</subfield>
    <subfield code="y">BK</subfield>
    <subfield code="z">B18987</subfield>
  </datafield>
  <datafield tag="952" ind1=" " ind2=" ">
    <subfield code="0">0</subfield>
    <subfield code="1">0</subfield>
    <subfield code="4">0</subfield>
    <subfield code="7">0</subfield>
    <subfield code="a">HIMR</subfield>
    <subfield code="b">HIMR</subfield>
    <subfield code="d">2019-12-13</subfield>
    <subfield code="e">Forward Books</subfield>
    <subfield code="g">260.00</subfield>
    <subfield code="i">11147</subfield>
    <subfield code="l">2</subfield>
    <subfield code="o">158.1 JOS B18988</subfield>
    <subfield code="p">HIMR-BK-18988</subfield>
    <subfield code="r">2025-01-03 00:00:00</subfield>
    <subfield code="s">2024-09-27</subfield>
    <subfield code="v">187.20</subfield>
    <subfield code="w">2019-12-10</subfield>
    <subfield code="y">BK</subfield>
    <subfield code="z">B18988</subfield>
  </datafield>
  <datafield tag="952" ind1=" " ind2=" ">
    <subfield code="0">0</subfield>
    <subfield code="1">0</subfield>
    <subfield code="4">0</subfield>
    <subfield code="7">0</subfield>
    <subfield code="a">HIMR</subfield>
    <subfield code="b">HIMR</subfield>
    <subfield code="d">2019-12-13</subfield>
    <subfield code="e">Forward Books</subfield>
    <subfield code="g">260.00</subfield>
    <subfield code="i">11147</subfield>
    <subfield code="l">2</subfield>
    <subfield code="o">158.1 JOS B18989</subfield>
    <subfield code="p">HIMR-BK-18989</subfield>
    <subfield code="r">2025-01-03 00:00:00</subfield>
    <subfield code="s">2024-10-08</subfield>
    <subfield code="v">187.20</subfield>
    <subfield code="w">2019-12-10</subfield>
    <subfield code="y">BK</subfield>
    <subfield code="z">B18989</subfield>
  </datafield>
  <datafield tag="952" ind1=" " ind2=" ">
    <subfield code="0">0</subfield>
    <subfield code="1">0</subfield>
    <subfield code="4">0</subfield>
    <subfield code="7">0</subfield>
    <subfield code="a">HIMR</subfield>
    <subfield code="b">HIMR</subfield>
    <subfield code="d">2019-12-13</subfield>
    <subfield code="e">Forward Books</subfield>
    <subfield code="g">260.00</subfield>
    <subfield code="i">11147</subfield>
    <subfield code="l">0</subfield>
    <subfield code="o">158.1 JOS B18990</subfield>
    <subfield code="p">HIMR-BK-18990</subfield>
    <subfield code="r">2023-01-25 00:00:00</subfield>
    <subfield code="v">187.20</subfield>
    <subfield code="w">2019-12-10</subfield>
    <subfield code="y">BK</subfield>
    <subfield code="z">B18990</subfield>
  </datafield>
  <datafield tag="952" ind1=" " ind2=" ">
    <subfield code="0">0</subfield>
    <subfield code="1">0</subfield>
    <subfield code="4">0</subfield>
    <subfield code="7">0</subfield>
    <subfield code="a">HIMR</subfield>
    <subfield code="b">HIMR</subfield>
    <subfield code="d">2019-12-13</subfield>
    <subfield code="e">Forward Books</subfield>
    <subfield code="g">260.00</subfield>
    <subfield code="i">11147</subfield>
    <subfield code="l">0</subfield>
    <subfield code="o">158.1 JOS B18991</subfield>
    <subfield code="p">HIMR-BK-18991</subfield>
    <subfield code="r">2023-03-20 00:00:00</subfield>
    <subfield code="v">187.20</subfield>
    <subfield code="w">2019-12-10</subfield>
    <subfield code="y">BK</subfield>
    <subfield code="z">B18991</subfield>
  </datafield>
  <datafield tag="952" ind1=" " ind2=" ">
    <subfield code="0">0</subfield>
    <subfield code="1">0</subfield>
    <subfield code="4">0</subfield>
    <subfield code="7">0</subfield>
    <subfield code="a">HIMR</subfield>
    <subfield code="b">HIMR</subfield>
    <subfield code="d">2019-12-13</subfield>
    <subfield code="e">Forward Books</subfield>
    <subfield code="g">260.00</subfield>
    <subfield code="i">11147</subfield>
    <subfield code="l">0</subfield>
    <subfield code="o">158.1 JOS B18992</subfield>
    <subfield code="p">HIMR-BK-18992</subfield>
    <subfield code="r">2023-03-18 00:00:00</subfield>
    <subfield code="v">187.20</subfield>
    <subfield code="w">2019-12-10</subfield>
    <subfield code="y">BK</subfield>
    <subfield code="z">B18992</subfield>
  </datafield>
  <datafield tag="952" ind1=" " ind2=" ">
    <subfield code="0">0</subfield>
    <subfield code="1">0</subfield>
    <subfield code="4">0</subfield>
    <subfield code="7">0</subfield>
    <subfield code="a">HIMR</subfield>
    <subfield code="b">HIMR</subfield>
    <subfield code="d">2019-12-13</subfield>
    <subfield code="e">Forward Books</subfield>
    <subfield code="g">260.00</subfield>
    <subfield code="i">11147</subfield>
    <subfield code="l">0</subfield>
    <subfield code="o">158.1 JOS B18993</subfield>
    <subfield code="p">HIMR-BK-18993</subfield>
    <subfield code="r">2023-03-15 00:00:00</subfield>
    <subfield code="v">187.20</subfield>
    <subfield code="w">2019-12-10</subfield>
    <subfield code="y">BK</subfield>
    <subfield code="z">B18993</subfield>
  </datafield>
</record>
